| 000 | 00888nam a2200289 4500 | ||
|---|---|---|---|
| 001 | 4583 | ||
| 003 | BD-RjUL | ||
| 005 | 20211208233922.0 | ||
| 008 | 131223s1972 maua bs 001 0 eng | ||
| 020 | _a0669817295 | ||
| 035 | _a(BD-RjUL) | ||
| 040 |
_aDLC _cDLC _dDLC _beng |
||
| 041 | _aeng | ||
| 082 | 0 | 0 |
_a338.9 _bOWD 1972 |
| 100 | 1 |
_aOwens, Edgar. _914466 |
|
| 245 | 1 | 0 |
_aDevelopment reconsidered; bridging the gap between government and people / _c[by] Edgar Owens and Robert Shaw. |
| 260 |
_aLexington, Mass., _bLexington Books, _c1972 |
||
| 300 |
_axix, 190 p. _billus. _c24 cm. |
||
| 504 | _aBibliography: p. 179-181. | ||
| 650 | 0 |
_aEconomic development. _914467 |
|
| 650 | 0 |
_aEconomic policy. _914468 |
|
| 650 | 0 |
_aEconomic assistance, American. _912084 |
|
| 700 | 1 |
_aShaw, Robert, _ejoint author. _914469 |
|
| 942 |
_2ddc _cBK |
||
| 999 |
_c4583 _d4583 |
||